000 00741cam a2200229 a 4500
001 672758
005 20250820144233.0
008 950815s1995 tnu b 001 0 eng
020 _a0687014786
_qalk. paper
020 _a9780687014781
_q(alk. paper)
050 0 0 _aBL2525
_b.M425 1995
082 0 0 _a291/.0973
_220
100 1 _aMead, Frank S.
_q(Frank Spencer),
_d1898-1982.
245 1 0 _aHandbook of denominations in the United States /
_cFrank S. Mead.
250 _aNew 10th ed. /
_brevised by Samuel S. Hill.
260 _aNashville, Tenn. :
_bAbingdon Press,
_cc1995.
300 _a352 p. ;
_c23 cm.
650 0 _aSects
_zUnited States.
650 0 _aChristian sects
_zUnited States.
700 1 _aHill, Samuel S.
942 _2lcc
_cBK
_n0
999 _c7311
_d7311